LEADER 01043nam0-22003371i-450- 001 990003780330403321 005 20031110115634.0 010 $a0-8039-9055-3 035 $a000378033 035 $aFED01000378033 035 $a(Aleph)000378033FED01 035 $a000378033 100 $a20030910d--------km-y0itay50------ba 101 0 $aita 105 $ay-------001yy 200 1 $aAdventures in Social Research$eData Analysis Using SPSS for Windows$fEarl Babbie, Fred Halley 210 $aThousand Oaks$cPine Forge Press$dc1995 215 $axiv, 346 p.$cfig.$d28 cm 300 $aContiene riferimenti bibl. e indici. 610 0 $aS.P.S.S. per Windows 610 0 $aScienze sociali$aRicerca$aAnalisi dei dati - Programmi per elaboratore 676 $a300.72 700 1$aBabbie,$bEarl R.$0118418 702 1$aHalley,$bFred 801 0$aIT$bUNINA$gRICA$2UNIMARC 901 $aBK 912 $a990003780330403321 952 $a300.72 BAB 1$b5222 959 $aBFS 996 $aAdventures in Social Research$9510020 997 $aUNINA LEADER 01720cam0-2200541---450- 001 990000078330203316 005 20000508 010 $a88-464-1704-6 035 $a0007833 035 $aUSA010007833 035 $a(ALEPH)000007833USA01 035 $a0007833 100 $a20000508d2000----km-y0itay0103----ba 101 0 $aita 102 $aIT 105 $aa|||||||001yy 200 $aImpianti tecnicidell'edilizia$eidrico-sanitari, di scarico,termici, di climatizzazione, di distribuzione del gas di rete,elettrici$fVito Giorgio Colaianni 210 $aMilano$cFranco Angeli$d2000 215 $a639 p.$cill.$d23 cm 225 $aEdilizia/Strumenti$v1 410 0$12001$aEdilizia/Strumenti$v1 610 $aEdifici$aImpianti tecnici 676 $a696 700 1$aCOLAIANNI,$bVito Giorgio$011784 801 $aIT$bSALBC$gISBD 912 $a990000078330203316 951 $a696 COL$b14845 Ing.$c696$d00003629 951 $a696 COL (B)$b16278 Ing.$c696$d00075737 959 $aBK 969 $aTEC 979 $c20000914$lUSA01$h1736 979 $c20000919$lUSA01$h1048 979 $c20000919$lUSA01$h1521 979 $c20001019$lUSA01$h1056 979 $c20001019$lUSA01$h1453 979 $c20001019$lUSA01$h1501 979 $c20001019$lUSA01$h1538 979 $c20001024$lUSA01$h1514 979 $c20001027$lUSA01$h1519 979 $c20001027$lUSA01$h1523 979 $c20001110$lUSA01$h1710 979 $c20001124$lUSA01$h1208 979 $aJOHNNY$b90$c20010712$lUSA01$h1254 979 $aJOHNNY$b90$c20010712$lUSA01$h1255 979 $c20020403$lUSA01$h1615 979 $aPATRY$b90$c20040406$lUSA01$h1606 996 $aImpianti tecnicidell'edilizia$91486696 997 $aUNISA